| 000 | 01179 a2200169 4500 | ||
|---|---|---|---|
| 003 | Nust | ||
| 005 | 20230120100830.0 | ||
| 040 | _cNust | ||
| 082 | _a808.83,BEN | ||
| 100 |
_aBentley , Nicolas _9107204 |
||
| 245 |
_aThe Complete Home Entertainer / _cNicolas Bentley |
||
| 260 |
_aLondon _bOdhams |
||
| 300 | _a512:p | ||
| 505 | _aGetting Together (Page-5), Action Games (Page-12), Word Games for the fireside (Page-41), Games with Pencil and Paper (Page-65), Party Stunts and Jokes (Page-85), Word Puzzles (Page-95), One-minute teasers (Page-109), Fun with Intelligence Tes (Page-116), Potted Personalities (Page-127), Character Quizzes (Page-137), The Amateur Detectives Casebook (Page-145), Brain Twisters and Torturers (Page-189), Family Craft or Things to Make (Page-207), Songs for Home and Party (Page-225), Simple Conjuring (Page-249), Card Wizardry (Page-265), Scientific Magic (Page-278), Fun with Matches String and Coins (Page-287), Card Games and How to Play Them (Page-295), Board and Table Games (Page-379), Picnic and Garden Games (Page-407), The Children Fun Book (Page-423), Solutions and Answers (Page-469). | ||
| 650 |
_aNovel _92525 |
||
| 942 |
_2ddc _cBK |
||
| 999 |
_c186873 _d186873 |
||